| 000 | 00681nam a22001577a 4500 | ||
|---|---|---|---|
| 003 | OSt | ||
| 005 | 20150910140511.0 | ||
| 008 | 150910b xxu||||| |||| 00| 0 eng d | ||
| 040 | _cRUA | ||
| 082 | _aAGR កុយ 1995 BOO11 Or.1 | ||
| 100 |
_9235 _aកុយ វុត្ថា |
||
| 245 | _aឥទ្ធិពលដំបូងនៃបច្ចេកវិទ្យាសមស្របធ្វើបង្ហាញក្នុងស្រែកសិករ នៅស្រុកស្វាយជ្រុំ ស្រុកស្វាយទាប ខេត្តស្វាយរៀង | ||
| 260 |
_aphnomphen _bRUA _c1995 |
||
| 300 |
_a60p. _bill. _c29cm. |
||
| 942 |
_2ddc _cAGR |
||
| 999 |
_c220 _d220 |
||